Dinesh Dhamija [and] Tani Dhamija v Sunningdale Joineries Ltd, Lewandowski Willcox Limited, McBains Cooper Consulting Limited (Record no. 82875)
[ view plain ]
| 000 -LEADER | |
|---|---|
| fixed length control field | 01197cab a22001935a 4500 |
| 001 - CONTROL NUMBER | |
| control field | E151980 |
| 008 - FIXED-LENGTH DATA ELEMENTS--GENERAL INFORMATION | |
| fixed length control field | 110117e20100910xxk 000 0 eng d |
| 035 ## - SYSTEM CONTROL NUMBER | |
| System control number | (Sirsi) u151980 |
| 041 0# - LANGUAGE CODE | |
| Language code of text/sound track or separate title | eng |
| 245 00 - TITLE STATEMENT | |
| Title | Dinesh Dhamija [and] Tani Dhamija v Sunningdale Joineries Ltd, Lewandowski Willcox Limited, McBains Cooper Consulting Limited |
| Medium | [electronic resource] |
| 260 ## - PUBLICATION, DISTRIBUTION, ETC. | |
| Date of publication, distribution, etc. | 2010 |
| 520 ## - SUMMARY, ETC. | |
| Summary, etc. | [2010] EWHC 2396 (TCC) 10 September 2010. Considers whether a quantity surveyor has a duty to only value work that has been properly executed by a contractor and is not obviously defective. Suggests that such a duty was implied by the terms of the building contract which said that the quantity surveyor should include in his interim certificate a percentage based on the value of the works "properly executed". Concludes that the claim is unsustainable in this case because the QS complied with this duty. |
| 590 ## - LOCAL NOTE (RLIN) | |
| Local note | KA |
| 650 24 - SUBJECT ADDED ENTRY--TOPICAL TERM | |
| Topical term or geographic name entry element | DHAMIJA AND ANOR V SUNNINGDALE JOINERIES LTD AND ORS |
| 651 #4 - SUBJECT ADDED ENTRY--GEOGRAPHIC NAME | |
| Geographic name | England and Wales |
| Chronological subdivision | 1543- |
| 690 ## - LOCAL SUBJECT ADDED ENTRY--TOPICAL TERM (OCLC, RLIN) | |
| Topical term or geographic name as entry element | Quantity surveying |
| 9 (RLIN) | 6263 |
| 856 40 - ELECTRONIC LOCATION AND ACCESS | |
| Uniform Resource Identifier | <a href="https://www.bailii.org/ew/cases/EWHC/TCC/2010/2396.html">https://www.bailii.org/ew/cases/EWHC/TCC/2010/2396.html</a> |
| Public note | View the case free of charge at www.bailii.org |
| 942 ## - ADDED ENTRY ELEMENTS (KOHA) | |
| Suppress in OPAC | 0 |
| Withdrawn status | Lost status | Source of classification or shelving scheme | Damaged status | Not for loan | Home library | Current library | Shelving location | Date acquired | Total Checkouts | Full call number | Barcode | Date last seen | Copy number | Price effective from | Koha item type |
|---|---|---|---|---|---|---|---|---|---|---|---|---|---|---|---|
| Dewey Decimal Classification | Virtual | Virtual | Online | 17/01/2011 | ONLINE PUBLICATION | 151980-2001 | 06/08/2019 | 1 | 06/08/2019 | Law report |